<?xml version="1.0" encoding="UTF-8"?>
<record
    xmlns:xsi="http://www.w3.org/2001/XMLSchema-instance"
    xsi:schemaLocation="http://www.loc.gov/MARC21/slim http://www.loc.gov/standards/marcxml/schema/MARC21slim.xsd"
    xmlns="http://www.loc.gov/MARC21/slim">

  <leader>00500nam a22001457a 4500</leader>
  <controlfield tag="003">OSt</controlfield>
  <datafield tag="040" ind1=" " ind2=" ">
    <subfield code="a">1</subfield>
  </datafield>
  <datafield tag="082" ind1=" " ind2=" ">
    <subfield code="a">954.9122</subfield>
    <subfield code="b">AZI 2010</subfield>
  </datafield>
  <datafield tag="100" ind1=" " ind2=" ">
    <subfield code="4">Aziz, Khalid</subfield>
  </datafield>
  <datafield tag="245" ind1=" " ind2=" ">
    <subfield code="a">Swat</subfield>
    <subfield code="b">The Main Causes of the Breakdwon og Governance and rise of militancy </subfield>
    <subfield code="c">Khalid Aziz</subfield>
  </datafield>
  <datafield tag="260" ind1=" " ind2=" ">
    <subfield code="a">Peshawar</subfield>
    <subfield code="b">RIPORT</subfield>
    <subfield code="c">2010</subfield>
  </datafield>
  <datafield tag="300" ind1=" " ind2=" ">
    <subfield code="a">124 p</subfield>
  </datafield>
  <datafield tag="651" ind1=" " ind2=" ">
    <subfield code="a">Methodology, Demography and brief history, Communication, The Poverty trap,Land ownership &amp; Militancy, Governance, A Model of the crisis, Swat</subfield>
  </datafield>
  <datafield tag="942" ind1=" " ind2=" ">
    <subfield code="2">ddc</subfield>
    <subfield code="c">BK</subfield>
  </datafield>
  <datafield tag="999" ind1=" " ind2=" ">
    <subfield code="c">16174</subfield>
    <subfield code="d">16174</subfield>
  </datafield>
  <datafield tag="952" ind1=" " ind2=" ">
    <subfield code="0">0</subfield>
    <subfield code="1">0</subfield>
    <subfield code="4">0</subfield>
    <subfield code="7">0</subfield>
    <subfield code="8">NFIC</subfield>
    <subfield code="a">CIPS</subfield>
    <subfield code="b">CIPS</subfield>
    <subfield code="c">GEN</subfield>
    <subfield code="d">2015-07-09</subfield>
    <subfield code="l">0</subfield>
    <subfield code="o">954.9122 AZI 2010</subfield>
    <subfield code="p">CIPS0002602</subfield>
    <subfield code="r">2015-07-09</subfield>
    <subfield code="w">2015-07-09</subfield>
    <subfield code="y">BK</subfield>
  </datafield>
</record>
